3b : Boys and girls

Bibliographic Details
Main Author: Murray, W.
Corporate Author: Title
Other Authors: Aitchison, Martin
Format: Book
Published: London : Ladybird
Series:Key words with Ladybird
Subjects:

MARC

LEADER 00000cam a2200000 7i4500
001 0000004756
005 20220105104006.0
008 070730
020 |a 184422404X 
090 0 0 |a JP   |b EL ENG (5596) 
100 1 |a Murray, W. 
245 1 0 |a 3b :   |b Boys and girls   |c Written by W. Murray; illustrated by M. Aitchison 
260 |a London :   |b Ladybird 
440 0 |a Key words with Ladybird 
500 |a Children age 4-6 years old (yellow) 
650 0 |a Junior preschool   |x English   |x Languages 
700 1 |a Aitchison, Martin 
710 0 |a Title 
999 |a 0000893843   |b Book   |c Children Collection   |e Cawangan Bandar Penawar 
999 |a 0000893848   |b Book   |c Children Collection   |e Cawangan Mersing 
999 |a 0000893851   |b Book   |c Children Collection   |e Cawangan Segamat 
999 |a 0000974870   |b Book   |c Children Collection   |e Perbadanan Perpustakaan Awam Johor 
999 |a 0000974871   |b Book   |c Children Collection   |e Cawangan Tangkak 
999 |a 0000974872   |b Book   |c Children Collection   |e Cawangan Bukit Gambir 
999 |a 0000974873   |b Book   |c Children Collection   |e Perbadanan Perpustakaan Awam Johor 
999 |a 0000974874   |b Book   |c Children Collection   |e Perbadanan Perpustakaan Awam Johor